Agrochemické vlastnosti půd ČSR

Bibliographic Details
Main Author: Mazanec, Otto (Author)
Format: Article
Language:Czech

MARC

LEADER 00000nab a2200000uu 4500
001 vtls011448903
003 SK-MaSNL
005 20260303111331.0
008 230121|1976 xo |||||||||||||||||cze|
015 |a SNBRB 
035 |a (urnnbn)urn:nbn:sk:snk:ar-00618d 
035 |a (uuid)87a41ccb-1772-433d-beb5-e117fdaea317 
035 |a urn:nbn:sk:snk-abclfy 
040 |a SNKBUCL  |b slo  |c SNKBUCL  |e AACR2 
041 0 |a cze 
044 |a xo  |c SK 
100 1 |a Mazanec, Otto  |4 aut  |9 1014038 
245 1 0 |a Agrochemické vlastnosti půd ČSR  |c Otto Mazanec 
773 0 |t Agrochémia : časopis pre chemizáciu poľnohospodárstva  |g Roč. 16, č. 1 (1976), s. 8-10 
954 |a odborná, vedecká literatúra cudzojazyčná (svetová)  |2 lita 
958 |a OND 
958 |a EUIPO 
958 |a article16 
999 |c 1876256  |d 1878186